Energy policy : industry perspectives /

Bibliographic Details
Main Author: Gray, John E.
Format: Book
Language:English
Published: Cambridge, Mass. : Ballinger Pub. Co., [1975]
Subjects:

MARC

Tag First Indicator Second Indicator Subfields
LEADER 00000cam a22000008i 4500
001 in00000471069
005 20151013051020.0
008 741003s1975 mau b 00010 eng
010 |a  74022454  
020 |z 0884103145. 
020 |a 0884103153 (pbk.) 
035 |a (OCoLC)01085859 
035 |9 ACA7881AM 
040 |a DLC  |c DLC  |d TXA  |d UtOrBLW 
043 |a n-us--- 
049 |a TXAM  |c [1471524] 
050 0 0 |a HD9502.U52  |b G7 
082 0 |a 333.7 
100 1 |a Gray, John E. 
245 1 0 |a Energy policy :  |b industry perspectives /  |c John E. Gray. 
264 1 |a Cambridge, Mass. :  |b Ballinger Pub. Co.,  |c [1975] 
264 4 |c ©1975 
300 |a xi, 133 pages ;  |c 24 cm. 
336 |a text  |b txt  |2 rdacontent 
337 |a unmediated  |b n  |2 rdamedia 
338 |a volume  |b nc  |2 rdacarrier 
504 |a Includes bibliographical references and index. 
650 0 |a Power resources  |z United States. 
650 0 |a Energy policy  |z United States. 
999 |a MARS 
999 f f |s 5b3b6990-851e-3afc-a1f3-694fb128b65a  |i dcad8623-141f-3cda-87ec-dca25725b1fd  |t 0 
952 f f |p ric  |a Texas A&M University  |b Rellis Campus  |c Joint Library Facility  |d Remote Storage  |t 0  |e HD9502.U52 G7  |h Library of Congress classification  |i unmediated -- volume  |m A14802724110 
998 f f |a HD9502.U52 G7  |t 0  |l Remote Storage